| 000 | 00765nam a2200229 a 4500 | ||
|---|---|---|---|
| 001 | 000043365 | ||
| 005 | 20201002040841.0 | ||
| 008 | 140311s1998 sp 000 0 spa d | ||
| 020 | _a8483740478 | ||
| 040 |
_aDO-SdBNP _bspa _cBNPHU |
||
| 041 | 1 | 7 |
_aspa _heng |
| 082 |
_axxx _bxxx |
||
| 100 | 1 |
_aNoël, Bernard, _d1930- _971024 |
|
| 240 | 1 | 0 |
_aLa castration mentale. _lEspañol |
| 245 | 1 | 3 |
_aLa castración mental / _cBernard Noël ; prólogo de José Ángel Valente ; traducción de Daniel Sarasola Anzola. |
| 260 |
_aMadrid : _bHuerga y Fierro, _c1998. |
||
| 300 |
_a154 p. ; _c18 cm. |
||
| 490 | 1 |
_aLa rama dorada _v14 |
|
| 700 | 1 |
_aValente, José Ángel _epról _946859 |
|
| 700 | 1 |
_aSarasola Anzola, Daniel _etr. _971025 |
|
| 830 | 0 |
_aLa rama dorada ; _n14 _971026 |
|
| 999 |
_c42854 _d42854 |
||